000 00395nam a2200145 a 4500
001 000047838
005 20201002060752.0
008 180828s1977 dr 000 spa d
040 _aDO-SdBNP
_bspa
_cBNPHU
082 _axxx
_bC965
245 0 _aCuentos y poesias de hispanoamerica :.
260 _aSanto Domingo :
_bTaller,
_c1977.
300 _a162 p. ;
_c21 cm.
590 _aInventariado,2018/DG
999 _c47326
_d47326